00471 a2200169 450000100060000002000270000604000240003310000220005724000230007924500210010230000100012336200090013365000310014294200070017395201040018099900170028447284 a9788538024248 (broch.) cAnchieta - Aquarius aCurto, Rosa Maria10aA cor esquecida l10aA cor esquecida  a35p. 0 a2011 4aLiteratura infanto-juvenil cBK 00104070a87.1b87.1d2023-11-21l0o028.5 CAB CORp5827/AQUr2023-11-21 15:14:07w2023-11-21yBK c47284d47284